Pass the energy, please! / (Record no. 2935)

MARC details
000 -LEADER
fixed length control field 01054cam a22003014a 4500
005 - DATE AND TIME OF LATEST TRANSACTION
control field 20250902111911.0
020 ## - INTERNATIONAL STANDARD BOOK NUMBER
International Standard Book Number 9780545477567
040 ## - CATALOGING SOURCE
Original cataloging agency DLC
Transcribing agency DLC
Modifying agency DLC
Language of cataloging eng
050 00 - LIBRARY OF CONGRESS CALL NUMBER
Classification number QH541.M37
Item number 1999
082 00 - DEWEY DECIMAL CLASSIFICATION NUMBER
Classification number 577.16
100 1# - MAIN ENTRY--PERSONAL NAME
Personal name McKinney, Barbara Shaw
Dates associated with a name 1951-
245 10 - TITLE STATEMENT
Title Pass the energy, please! /
Statement of responsibility, etc. by Barbara Shaw McKinney ; illustrated by Chad Wallace.
250 ## - EDITION STATEMENT
Edition statement First published in 1999
260 ## - PUBLICATION, DISTRIBUTION, ETC.
Place of publication, distribution, etc. New York :
Name of publisher, distributor, etc. Scholastic ,
Date of publication, distribution, etc. 1999
300 ## - PHYSICAL DESCRIPTION
Extent 31 pages :
Other physical details color illustrations ;
Dimensions 28 cm .
490 ## - SERIES STATEMENT
Series statement Sharing Nature With Children Book
505 ## - FORMATTED CONTENTS NOTE
Formatted contents note Z <br/>
520 ## - SUMMARY, ETC.
Summary, etc. Rhyming text and illustrations present nature's food chains, from a simple seed to a top predator, demonstrating their natural links.
521 ## - TARGET AUDIENCE NOTE
Target audience note 1010 <br/>
Source Lexile <br/>
521 ## - TARGET AUDIENCE NOTE
Target audience note Z <br/>
Source Raz-Plus <br/>
650 #0 - SUBJECT ADDED ENTRY--TOPICAL TERM
Topical term or geographic name entry element Food chains (Ecology)
Form subdivision Juvenile literature.
650 #1 - SUBJECT ADDED ENTRY--TOPICAL TERM
Topical term or geographic name entry element Food chains (Ecology)
650 #1 - SUBJECT ADDED ENTRY--TOPICAL TERM
Topical term or geographic name entry element Ecology.
700 1# - ADDED ENTRY--PERSONAL NAME
Personal name Wallace, Chad
Relator term illustrator
906 ## - LOCAL DATA ELEMENT F, LDF (RLIN)
a 7
b cbc
c orignew
d 1
e ocip
f 19
g y-gencatlg
942 ## - ADDED ENTRY ELEMENTS (KOHA)
Source of classification or shelving scheme Dewey Decimal Classification
Koha item type Books
Suppress in OPAC No
999 ## -
-- 2935
-- 2935
Holdings
Withdrawn status Lost status Source of classification or shelving scheme Damaged status Not for loan Collection Home library Current library Shelving location Date acquired Total Checkouts Full call number Barcode Date last seen Copy number Price effective from Koha item type Date last checked out
    Dewey Decimal Classification     Non-Fiction Footprints International School Library Network Toul Tom Poung Campus Footprints International School Library Network Toul Tom Poung Campus TTP Secondary Non-Fiction Bookshelves 01/24/2024   MCK 577.16 QH541.M37 FISTK02317 01/24/2024 1 01/24/2024 Books  
    Dewey Decimal Classification     Non-Fiction Footprints International School Library Network Toul Tom Poung Campus Footprints International School Library Network Toul Tom Poung Campus TTP Secondary Non-Fiction Bookshelves 01/24/2024 1 MCK 577.16 QH541.M37 FISTK05558 12/02/2025 2 01/24/2024 Books 10/31/2025
    Dewey Decimal Classification     Non-Fiction Footprints International School Library Network Toul Tom Poung Campus Footprints International School Library Network Toul Tom Poung Campus TTP Secondary Non-Fiction Bookshelves 08/28/2025   MCK 577.16 QH541.M37 FISBK06097 08/28/2025 3 08/28/2025 Books  
    Dewey Decimal Classification     Non-Fiction Footprints International School Library Network Toul Tom Poung Campus Footprints International School Library Network Toul Tom Poung Campus TTP Secondary Non-Fiction Bookshelves 10/28/2025   MCK 577.16 QH541.M37 FIS01193 10/28/2025 4 10/28/2025 Books